Impact of Covid-19 Epidemic on the Slovak Economy

Ekonomické dopady epidémie Covid-19 na ekonomiku Slovenskej republiky v kontexte európskeho hospodárskeho priestoru. Karanténne opatrenia v dôsledku šírenia tohto ochorenia prinútili úrady v Slovenskej republike pozastaviť nielen maloobchodný predaj, ale aj najväčšie slovenské zamestnávateľské firmy...

ver descrição completa

Na minha lista:
Detalhes bibliográficos
Autor principal: Meheš, Marek
Formato: Capítulo de Livro
Idioma:inglês
Assuntos:
Tags: Adicionar Tag
Sem tags, seja o primeiro a adicionar uma tag!

MARC

LEADER 00000naa$a2200000$$$4500
001 0267963
005 20240502074214.8
041 0 |a eng 
044 |a SK 
245 1 0 |a Impact of Covid-19 Epidemic on the Slovak Economy  |c Marek Meheš 
520 |a Ekonomické dopady epidémie Covid-19 na ekonomiku Slovenskej republiky v kontexte európskeho hospodárskeho priestoru. Karanténne opatrenia v dôsledku šírenia tohto ochorenia prinútili úrady v Slovenskej republike pozastaviť nielen maloobchodný predaj, ale aj najväčšie slovenské zamestnávateľské firmy. Sledovanie na základe mesačných údajov vývoj hrubého domáceho produktu a jeho zložiek - konkrétne domácej spotreby, vládnych výdavkov, investícií a čistého exportu. Analýza údajov o stave objednávok v priemysle a stave ekonomického sentimentu. Porovnanie kvantifikovaných vplyvov na reálnu ekonomiku v Slovenskej republike s dopadmi v Európskej únii. Hodnotenie ekonomických opatrení prijatých vládou na minimalizáciu negatívnych ekonomických dopadov tejto pandémie. 
610 2 0 |a hospodárstvo domáce 
610 2 0 |a produkt domáci hrubý 
610 2 0 |a opatrenia 
610 2 0 |a Slovensko 
610 2 0 |a koronavírus 
610 2 0 |a epidémia 
100 1 |a Meheš, Marek